Sales Management (Record no. 2178)

MARC details
000 -LEADER
fixed length control field 00391nam a22001697a 4500
005 - DATE AND TIME OF LATEST TRANSACTION
control field 20160530143258.0
008 - FIXED-LENGTH DATA ELEMENTS--GENERAL INFORMATION
fixed length control field 160530b xxu||||| |||| 00| 0 eng d
020 ## - INTERNATIONAL STANDARD BOOK NUMBER
ISBN 9812-53-016-9
041 ## - LANGUAGE CODE
Language code of text/sound track or separate title eng
082 ## - DEWEY DECIMAL CLASSIFICATION NUMBER
Item number 6099
100 ## - MAIN ENTRY--AUTHOR NAME
Personal name Dalrymple, Dauglas J and others
245 ## - TITLE STATEMENT
Title Sales Management
260 ## - PUBLICATION, DISTRIBUTION, ETC. (IMPRINT)
Name of publisher John Willy
300 ## - PHYSICAL DESCRIPTION
Number of Pages 566
650 ## - SUBJECT ADDED ENTRY--TOPICAL TERM
Topical Term Management
942 ## - ADDED ENTRY ELEMENTS (KOHA)
Koha item type Books
Holdings
Lost status Damaged status Collection code Home library Current library Shelving location Date acquired Cost, normal purchase price Full call number Accession Number Koha item type
    Reference JRU Library   SHELF-29-F 30/05/2016 325.50 6099 6099 Books
    MANAGEMENT JRU Library JRU Library SHELF- 67 J 30/05/2016 325.50 6099 6100 Books
    MANAGEMENT JRU Library JRU Library SHELF- 67 J 30/05/2016 325.50 6099 6101 Books
    MANAGEMENT JRU Library JRU Library SHELF- 67 J 30/05/2016 325.50 6099 6102 Books